000 01043nam a22002657a 4500
003 OSt
005 20250407092609.0
008 240911b ||||| |||| 00| 0 eng d
040 _c0
082 _aDPer 621.317 Ie21 December 2022 v.37 n. 12 part 1&2.
100 _aWang, Ping.
_eauthor.
_960700
245 _aMatrix coupled all-in-one magnetics for pwm power conversion /
_cPing Wang,
260 _aNew York ;
_bThe Institute of Electrical and Electronics Engineers, Inc.,
_cDecember 2022.
300 _avolume 37, pages 15035-15050,
_billustration.
500 _aIEEE Transactions on Power Electronics, v. 37 n. 12, pages 15035-15050, December 2022.
650 0 _aCoupled inductor.
_966194
650 0 _aintegrated magnetics.
_966195
650 0 _acurrent ripple reduction.
_966196
700 _aWang, Ping.
_eauthor.
_960700
700 _aZhaou, Daniel H.
_eauthor.
_960701
700 _aElasser, Youssef.
_eauthor.
_960702
700 _aBaek, Jaeil.
_eauthor.
_960703
700 _aChen, Minjie.
_eauthor.
_960704
942 _2ddc
_cPER
999 _c21506
_d21506